| 000 | 00817nam0a22002291 4500 | ||
|---|---|---|---|
| 001 | rc\2751450 | ||
| 005 | 20110915170722.9 | ||
| 035 | _a(NLR Aleph) 006878348 | ||
| 090 |
_a7020719 _c7020719 |
||
| 100 | _a20110915d1939 |||y0rusy50 ca | ||
| 101 | 0 | _arus | |
| 102 | _aRU | ||
| 105 | _aa i ||||| | ||
| 200 | 1 |
_aКраткий курс бухгалтерского (балансового) учета _fДоц. Е. И. Глейх _gВсес. комбинат кооп. заоч. обуч. Центросоюза СССР и РСФСР "ВСЕККЗО" |
|
| 210 |
_aМосква _cВСЕККЗО _d1939 |
||
| 215 |
_a116 с. _cил. _d25 см. |
||
| 700 | 1 |
_aГлейх _bЕ. И. _gЕвгений Ильич |
|
| 801 | 0 |
_aRU _bNLR _gpsbo |
|
| 801 | 1 |
_aRU _bELAR _2rusmarc |
|
| 852 |
_aNLR _j39-5/226 |
||
| 942 | _cBOOK | ||
| 980 | _aNB | ||